| 000 | 004730000a22001810004500 | ||
|---|---|---|---|
| 003 | MACL | ||
| 005 | 20150901151304.0 | ||
| 008 | 150901b xxu||||| |||| 00| 0 eng d | ||
| 040 |
_aMACL _cMACL |
||
| 041 | _aEnglish | ||
| 082 | _a800 | ||
| 100 |
_aKhan, Hazrat Inayat _98086 |
||
| 245 |
_aThe Art of Personality _bThe Sufi Message vol 3 |
||
| 260 |
_bMotilal Banarsidass Publishers _c1989 _aNew Delhi |
||
| 350 | _a95 | ||
| 650 |
_aLiterature _98340 |
||
| 942 |
_cBK _k800 _2ddc |
||
| 999 |
_c8932 _d8932 |
||